000 00567nam a22001817a 4500
999 _c185379
_d185379
005 20220202125233.0
010 _aENG-131167
020 _a9789390869114
_c240.00
035 _aEN-114699
037 _bDBAD
082 _aS
100 _aGopinathan, Lekshmi
245 _aThe Delicioius Life/
_cLekshmi Gopinathan
260 _aMaharashtra
_bVihwakarma Publications
_c2021
270 _a34A/1, Suyog Center, 7th Floor, Gultekadi Marketyard Road, Giridhar Bhavan Chowk
_bPune
_e411037
_minfo@vpindia.co.in
300 _a182p.
_c21cm(pbk)
942 _2ddc
_cEN
_hS
_mGOP